[Event "II Criciúma Chess Open - A1700 - 12-18"]
[Site "Criciúma SC"]
[Date "2024.01.18"]
[Round "9.7"]
[White "Piccoli, Lucas Fonseca"]
[Black "Filgueiras, Nathan Felipe"]
[Result "1-0"]
[WhiteElo "2263"]
[BlackElo "2321"]
[PlyCount "165"]
[EventDate "2024.01.12"]
[EventRounds "9"]
[EventCountry "BRA"]

1. e4 e5 2. Nf3 Nc6 3. Nc3 Nf6 4. d4 exd4 5. Nxd4 Nxe4 6. Nxe4 Qe7 7. Bd3 Nxd4
8. O-O d5 ({RR} 8... Qd8 9. Bg5 Be7 10. Qh5 Ne6 11. f4 d5 12. Ng3 Bxg5 13. fxg5
g6 14. Qf3 O-O 15. h4 Nc5 16. Nh5 gxh5 17. Bxh7+ Kxh7 18. Qxh5+ Kg8 19. Rf6 Qe7
20. Raf1 Qe3+ 21. Kh1 Bg4 22. Qxg4 Ne4 23. R1f3 {Andreikin,D (2724)-Vasquez
Schroeder,R (2485) chess.com INT 2021 0-1 (40)}) 9. Ng5 ({RR} 9. Ng3 Be6 10. c3
Nc6 11. Re1 O-O-O 12. b4 Qd7 13. b5 Ne7 14. Be3 Kb8 15. Qa4 Nc8 16. Rab1 Nb6
17. Qa5 h5 18. Ne2 h4 19. Nd4 h3 20. g3 Bd6 21. Nb3 Bf5 22. Bxf5 Qxf5 23. Nd4
Qe4 {Chincholimath,H (1754)-Kaminski,V (2247) chess.com INT 2022 0-1 (47)})
9... Ne6 10. Re1 Bd7 11. Be3 $146 ({RR} 11. Qf3 h6 12. Nxe6 Bxe6 13. Be3 Qd7
14. Bd4 O-O-O 15. Bxa7 Qa4 16. Be3 Qg4 17. Qxg4 Bxg4 18. c3 Bd6 19. Bd4 f6 20.
b4 Rhe8 21. Bg6 Rxe1+ 22. Rxe1 Kd7 23. a4 b6 24. b5 Ra8 25. Bc2 c5 {Liashenko,
A-Fedchenko,V (2235) Alushta 2000 0-1 (37)}) ({RR} 11. f4 O-O-O 12. f5 Nxg5 13.
Rxe7 Bxe7 14. Be3 g6 15. Qf1 Ne4 16. Bxe4 dxe4 17. f6 Bd6 18. Bxa7 Bc6 19. Be3
Rd7 20. a4 Be5 21. c3 Rhd8 22. a5 Kb8 23. a6 Rd3 24. axb7 Bxb7 25. Qe2 Bxf6 {
Kineva,E (2175)-Molkova,O Vladimir 2002 0-1 (33)}) 11... O-O-O 12. Nxe6 fxe6
13. Bxa7 Qf6 14. c3 Bd6 15. Be3 e5 16. Qh5 Rdf8 17. Qg5 Qxg5 18. Bxg5 Bf5 19.
Bf1 c5 20. Bh4 Kc7 21. Rad1 d4 22. Bg3 Re8 23. f3 Rhf8 24. Bb5 Bd7 25. Bd3 g6
26. Re2 b5 27. c4 bxc4 28. Bxc4 e4 29. Bxd6+ Kxd6 30. Rxe4 Rxe4 31. fxe4 Ke5
32. Bd3 Be6 33. b3 Ra8 34. Rd2 Ra3 35. Kf2 c4 36. bxc4 Rc3 37. a4 Ra3 38. a5
Rxa5 39. Rb2 Bd7 40. Rb7 Kd6 41. Bb1 Rc5 42. Ke2 Kc6 43. Ra7 Rxc4 44. Kd3 Rb4
45. Ba2 Bc8 46. Bc4 Rb2 47. Kxd4 Rxg2 48. Bd5+ Kb6 49. Rxh7 g5 50. Ke5 g4 51.
Kd6 g3 52. hxg3 Rxg3 53. Rh6 Rg7 54. Be6 Bb7 55. e5 Rg1 56. Ke7 Kc7 57. Rh2 Re1
58. Rc2+ Kb6 59. Rb2+ Kc7 60. Rc2+ Kb6 61. Kf6 Rf1+ 62. Kg5 Rg1+ 63. Bg4 Re1
64. Be2 Bd5 65. Kf6 Rg1 66. Bc4 Be4 67. Rf2 Kc5 68. Bf7 Rg3 69. Rd2 Rf3+ 70.
Ke7 Rd3 71. Re2 Kd4 72. Kd6 Kc3+ 73. Kc5 Bf5 74. Rf2 Bg4 75. Rf4 Bh3 76. Bg6
Re3 77. Kd6 Bc8 78. Bf5 Ba6 79. e6 Bc4 80. e7 Bb5 81. Bg6 Rg3 82. Bf7 Rh3 83.
Rc4+ 1-0

[Event "II Criciúma Chess Open - A1700 - 12-18"]
[Site "Criciúma SC"]
[Date "2024.01.18"]
[Round "9.8"]
[White "Caetano, Ryan Wesley Da Cost"]
[Black "Terao, Juliana Sayumi"]
[Result "1-0"]
[WhiteElo "2184"]
[BlackElo "2198"]
[PlyCount "75"]
[EventDate "2024.01.12"]
[EventRounds "9"]
[EventCountry "BRA"]

1. d4 {Ftacnik,L} Nf6 2. c4 e6 3. Nf3 d5 4. Nc3 b6 5. cxd5 exd5 6. Bg5 Be7 7.
e3 O-O 8. Bd3 h6 9. Bh4 Bb7 10. O-O Nbd7 11. Rc1 a6 12. Qc2 ({RR} 12. Qb3 Re8
13. a3 Rb8 14. Bg3 Rc8 15. Bf5 g6 16. Bh3 c5 17. Bxd7 Nxd7 ({RR} 17... c4 18.
Bxc8 cxb3 19. Bxb7) 18. Nxd5 Bf8 19. Nf4 ({RR} 19. Qa2) 19... Qf6 20. Rfd1 Bg7
21. a4 cxd4 22. Rxc8 Rxc8 23. exd4 ({RR} 23. Nxd4) 23... Qf5 24. Re1 g5 25. Nh5
Bh8 26. Be5 g4 {Jussupow,A (2605)-Kamsky,G (2640) Linares 1991 CBM 022 
[Ftacnik,L] 1-0 (49)}) ({RR} 12. a4 c5 13. Bf5 g6 14. Bh3 Ne4 15. Bxe7 Qxe7 16.
Bxd7 Qxd7 17. dxc5 Nxc5 18. b4 Ne6 19. Nd4 Rac8 20. Qd3 Rc4 21. b5 Nxd4 22.
exd4 a5 23. Rfe1 Rfc8 24. h3 Qd6 25. Qe3 Qa3 26. Qe7 Rxc3 {Fernandez Rios,J 
(1776)-Centeno Mendoza,J (1988) Collado Villalba ESP 2021 0-1 (61)}) 12... c5
13. Rfd1 $146 ({RR} 13. dxc5 bxc5 14. Rfd1 d4 15. exd4 Bxf3 16. gxf3 cxd4 17.
Ne2 Qa5 18. Nxd4 Qxa2 19. Nc6 {1-0 (19) Shornick,S-Phillip,L Long Island 1989})
({RR} 13. Bf5 g6 14. Bxd7 Nxd7 15. Bg3 Rc8 16. dxc5 Nxc5 17. Be5 b5 18. Bd4 b4
19. Ne2 Ne6 20. Qd2 Qa5 21. b3 Nxd4 22. Nfxd4 Qb6 23. Nf4 Bf6 24. h3 {1/2-1/2 
(24) Andreikin,D (2472)-Rychagov,A (2546) Smolensk 2005}) ({RR} 13. Bf5 c4 14.
Ne5 Nxe5 15. dxe5 Nd7 16. Bxe7 Qxe7 17. f4 f6 18. Rcd1 Rad8 19. Nxd5 Qc5 20. b4
cxb3 21. Qxb3 Nxe5 22. fxe5 Bxd5 23. Rxd5 Rxd5 24. Be6+ Kh8 25. Bxd5 Rd8 26.
exf6 gxf6 27. Bf3 Re8 {Cramling,D (2399)-Cubas,J (2430) Santos 2008 1-0 (46)})
13... c4 14. Bf5 b5 15. Ne5 Nb6 16. Qe2 b4 17. Nb1 g6 18. Bc2 Nfd7 19. Bg3 a5
20. Nd2 Qe8 21. e4 Rc8 22. exd5 Bxd5 23. Ndf3 Bf6 24. Re1 Bg7 25. Qd2 Qd8 $11
26. h4 Nxe5 27. Nxe5 c3 28. bxc3 bxc3 29. Qd3 Nc4 30. h5 Nb2 31. Qe3 Bxa2 32.
hxg6 f5 33. Nf7 Qxd4 34. Nxh6+ Kh8 35. Qg5 Rfe8 36. Qh5 Rxe1+ 37. Rxe1 Qd2 38.
Nf7+ 1-0

[Event "II Criciúma Chess Open - A1700 - 12-18"]
[Site "Criciúma SC"]
[Date "2024.01.18"]
[Round "9.9"]
[White "Duarte Napoles, Fanny"]
[Black "Labussiere, Yago"]
[Result "1/2-1/2"]
[WhiteElo "2220"]
[BlackElo "2167"]
[PlyCount "203"]
[EventDate "2024.01.12"]
[EventRounds "9"]
[EventCountry "BRA"]

1. d4 d5 2. c4 dxc4 3. Nf3 Nf6 4. e3 e6 5. Bxc4 c5 6. O-O a6 7. Qe2 b5 8. Bd3
Nbd7 9. a4 b4 10. Nbd2 Bb7 11. a5 Be7 12. Nc4 O-O 13. Rd1 Qc7 14. b3 $146 ({RR
} 14. Bd2 Be4 15. Bxe4 Nxe4 16. Be1 Rfc8 17. Rac1 Qb7 18. Nfe5 Nef6 19. Nxd7
Nxd7 20. dxc5 Bxc5 21. Qd3 Rd8 22. Nd6 Qb8 23. Nb7 Qxb7 24. Rxc5 h6 25. Rc4 Ne5
26. Qxd8+ Rxd8 27. Rxd8+ Kh7 28. Rxb4 Qc7 {Lahner,J (2291)-Staufcik,R (2104)
Stare Mesto 2005 1-0 (47)}) ({RR} 14. Bd2 Be4 15. Bxe4 Nxe4 16. Nfe5 Rad8 17.
Be1 cxd4 18. exd4 Nef6 19. Nb6 Qb7 20. Qc4 Nxe5 21. dxe5 Nd5 22. Nxd5 exd5 23.
Qd4 Qb5 24. b3 Bc5 25. Qd3 Qxd3 26. Rxd3 d4 27. f4 f6 28. Rc1 Rd5 {Thejkumar,M
(2382)-Ganguly,S (2579) Chennai 2008 1/2-1/2 (31)}) ({RR} 14. Bd2 Ne4 15. Be1
Nd6 16. Nce5 Nxe5 17. Nxe5 Nf5 18. Rdc1 b3 19. Nf3 Rfc8 20. e4 Nh6 21. Bb4 Qd8
22. dxc5 Qf8 23. Rc3 Bxc5 24. Bxc5 Rxc5 25. Rxb3 Qc8 26. h3 Qc7 27. Qe3 Rc8 28.
Rb6 Kf8 {Rogozenco,D (2522)-Van den Bersselaar,J (2175) Hertogenbosch 2003 1-0
(32)}) 14... cxd4 15. Nxd4 Nc5 16. Bc2 Nce4 17. Bb2 Nc3 18. Bxc3 bxc3 19. Ra4
Nd5 20. Qd3 g6 21. e4 Nf4 22. Qf3 Rad8 23. Nb6 Qe5 24. Nc4 Qc7 25. Nb6 Bc5 26.
Rc4 Qe5 27. Ne2 Rxd1+ 28. Bxd1 Nxe2+ 29. Bxe2 Rd8 30. Qxc3 Bd4 31. Qc1 Bxe4 32.
Rc8 Rxc8 33. Qxc8+ Kg7 34. Nd7 Qd6 35. Bf3 Qb4 36. Kf1 Bxf3 37. gxf3 g5 38.
Qxa6 Qxb3 39. Qd6 Qc4+ 40. Kg2 Kg6 41. Ne5+ Bxe5 42. Qxe5 Qa6 43. Qc5 Qa8 44.
h3 h5 45. Qb4 f5 46. Qa4 g4 47. hxg4 hxg4 48. Qa3 gxf3+ 49. Qxf3 Qxa5 50. Qg3+
Kf7 51. Qb8 Qd5+ 52. Kg1 Kg6 53. Qg8+ Kh5 54. Qh7+ Kg4 55. Qg6+ Kf3 56. Qg3+
Ke2 57. Qe3+ Kd1 58. Qc3 Qe4 59. Qa1+ Kd2 60. Qa5+ Kd3 61. Qa3+ Kc4 62. Qa4+
Kd5 63. Qb5+ Kd6 64. Qb6+ Qc6 65. Qd4+ Qd5 66. Qb6+ Ke7 67. Qc7+ Qd7 68. Qc5+
Qd6 69. Qc1 f4 70. Qc2 Kf6 71. Qc3+ Kf5 72. Qh3+ Kg5 73. Qg2+ Kf5 74. Qh3+ Ke4
75. Qh7+ Kd4 76. Qa7+ Qc5 77. Qd7+ Ke5 78. Qg7+ Kd5 79. Qg5+ e5 80. Qg8+ Kd4
81. Qd8+ Kc4 82. Qg8+ Kc3 83. Qa8 Qb4 84. Qa1+ Qb2 85. Qa5+ Kc4 86. Qa6+ Qb5
87. Qe6+ Kd3 88. Qf5+ Kd2 89. Qe4 Qc5 90. Qa4 Qc3 91. Qa2+ Ke1 92. Qb1+ Ke2 93.
Qe4+ Kd2 94. Qd5+ Kc1 95. Qa8 f3 96. Qe4 Kd2 97. Qd5+ Qd3 98. Qa2+ Qc2 99. Qd5+
Qd3 100. Qa2+ Kd1 101. Qa1+ Kd2 102. Qa2+ 1/2-1/2

[Event "II Criciúma Chess Open - A1700 - 12-18"]
[Site "Criciúma SC"]
[Date "2024.01.18"]
[Round "9.11"]
[White "Librelato, Kathie Goulart"]
[Black "Borges, Guilherme Deola"]
[Result "0-1"]
[WhiteElo "2170"]
[BlackElo "2142"]
[PlyCount "88"]
[EventDate "2024.01.12"]
[EventRounds "9"]
[EventCountry "BRA"]

1. e4 c5 2. Nf3 Nc6 3. d4 cxd4 4. Nxd4 Nf6 5. Nc3 e5 6. Ndb5 d6 7. Nd5 Nxd5 8.
exd5 Nb8 9. a4 Be7 10. Bd2 O-O 11. Be2 a6 12. Na3 Bf5 13. a5 Be4 14. Bf3 Bg6
15. Nc4 Nd7 16. O-O Rc8 17. Be2 $146 ({RR} 17. b3 f5 18. Bb4 Nc5 19. Bh5 Qe8
20. Bxg6 Qxg6 21. Nb6 Rcd8 22. Qe2 e4 23. Rad1 f4 24. f3 exf3 25. Rxf3 Ne4 26.
Kh1 Bh4 27. Rdf1 Rde8 28. Qd3 Qh6 29. Nc4 g5 30. Bc3 g4 31. Qd4 Bf6 {Kriebel,T
(2531)-Dziuba,M (2568) Katowice POL 2019 0-1 (32)}) 17... Qc7 18. Bb4 f5 19.
Ra3 f4 20. Rc3 Qb8 21. Bg4 Rcd8 22. Be6+ Kh8 23. Qg4 Nf6 24. Qh3 Rfe8 25. Re1
Bf8 26. Nd2 Re7 27. Nf3 Rc7 28. Ng5 h6 29. g3 Rxc3 30. Bxc3 fxg3 31. hxg3 Be7
32. f4 Rf8 33. Kg2 Qa7 34. Re2 Qc5 35. fxe5 Nxd5 36. Nf3 Ne3+ 37. Kh2 Rxf3 38.
exd6 Bg5 39. d7 Kh7 40. Bg4 Nxg4+ 41. Qxg4 Rf2+ 42. Rxf2 Qxf2+ 43. Kh1 Be3 44.
Qd1 Be4+ 0-1

[Event "II Criciúma Chess Open - A1700 - 12-18"]
[Site "Criciúma SC"]
[Date "2024.01.18"]
[Round "9.12"]
[White "Bueno, Alfeu Junior Varela"]
[Black "Lima, Kleyton Alcantara"]
[Result "1-0"]
[WhiteElo "2156"]
[BlackElo "2119"]
[PlyCount "59"]
[EventDate "2024.01.12"]
[EventRounds "9"]
[EventCountry "BRA"]

1. e4 e5 2. Nc3 Nf6 3. f4 d5 4. fxe5 Nxe4 5. Qf3 Nxc3 6. dxc3 Be6 7. Bf4 ({RR} 
7. Qg3 c5 8. Bb5+ Nc6 9. Bxc6+ bxc6 10. Ne2 Be7 11. Qxg7 Kd7 12. Nf4 Rg8 13.
Qxh7 Qc7 14. O-O Qxe5 15. Nxe6 fxe6 16. Bf4 Qe2 17. Rf2 Qg4 18. h3 Qh4 19. Qxh4
Bxh4 20. Rf3 Raf8 21. Raf1 Rf5 {Lagarde,M (2597)-Ochsner,B (2483) Escaldes AND
2019 1-0 (39)}) 7... c5 ({RR} 7... Nd7 8. O-O-O h5 9. h3 g5 10. Bg3 c6 11. Re1
g4 12. Qf2 Bc5 13. Qd2 Qb6 14. Bd3 h4 15. hxg4 O-O-O 16. Bf4 Bxg4 17. Nf3 h3
18. Nh2 hxg2 19. Qxg2 Bh3 20. Qd2 Be6 21. Nf3 a5 22. a3 {Perea Fruet,L (2212)
-Llena Velarde,D (1989) Casabermeja ESP 2021 1-0 (42)}) 8. O-O-O Qd7 9. Qg3
$146 ({RR} 9. Bc4 Bg4 10. e6 Qxe6 11. Qxd5 Bxd1 12. Qxb7 Qxc4 13. Qc8+ Ke7 14.
Nf3 Be2 15. Qb7+ Nd7 16. b3 Qa6 17. Qe4+ Qe6 18. Qxa8 f6 19. Re1 Kf7 20. Qxa7
g5 21. Bd2 Be7 22. Ng1 Qc6 23. Nxe2 Ra8 {Sax,G (2559)-Pavasovic,D (2508) Nova
Gorica 2001 0-1}) 9... Nc6 10. Nf3 O-O-O 11. Ng5 Bg4 12. Nxf7 Bxd1 13. Nxd8
Nxd8 14. Kxd1 Ne6 15. Bd2 Be7 16. Be2 Bd8 17. Bg4 Re8 18. Rf1 Kb8 19. Qh3 Qb5
20. Rf7 Ng5 21. Bxg5 Bxg5 22. Bd7 Qxb2 23. Bxe8 Qc1+ 24. Ke2 Qxc2+ 25. Kf3 h5
26. Rxb7+ Kxb7 27. Qd7+ Kb8 28. Qd6+ Kc8 29. Bd7+ Kb7 30. Qc6+ 1-0

[Event "II Criciúma Chess Open - A1700 - 12-18"]
[Site "Criciúma SC"]
[Date "2024.01.18"]
[Round "9.13"]
[White "Do Nascimento, Christian Almeida"]
[Black "Burgos, Marcelo Alves"]
[Result "1-0"]
[WhiteElo "2123"]
[BlackElo "2130"]
[PlyCount "64"]
[EventDate "2024.01.12"]
[EventRounds "9"]
[EventCountry "BRA"]

1. d4 Nf6 2. Bg5 g6 3. Bxf6 exf6 4. e3 d5 5. g3 h5 6. Bg2 h4 7. Ne2 c6 8. Nd2
Bg4 $146 ({RR} 8... Nd7 9. c4 dxc4 10. Nxc4 Nb6 11. Nd2 Bd6 12. Nc3 f5 13. Qc2
Qe7 14. O-O-O Be6 15. Kb1 Kf8 16. e4 fxe4 17. Ndxe4 Bf5 18. Ka1 Bb4 19. Qb3 Be6
20. Qc2 Bf5 21. Qb3 Be6 22. Qc2 Bf5 {1/2-1/2 (22) Andreikin,D (2728)-Chigaev,M
(2639) chess.com INT 2021}) 9. h3 Bxe2 10. Qxe2 hxg3 11. fxg3 Nd7 12. e4 dxe4
13. Nxe4 Qa5+ 14. Nc3+ Be7 15. O-O-O Kf8 16. d5 Ne5 17. d6 Bd8 18. Kb1 b5 19.
Ne4 f5 20. Nc5 Bf6 21. Nb3 Qb6 22. g4 fxg4 23. Rhf1 Bg7 24. hxg4 a5 25. Nd4 Kg8
26. d7 Rf8 27. Nxc6 Nxc6 28. Bxc6 Bd4 29. Qe4 Bf2 30. Rd6 Rh2 31. Qf4 Qc5 32.
Qxh2 Qxd6 1-0

[Event "II Criciúma Chess Open - A1700 - 12-18"]
[Site "Criciúma SC"]
[Date "2024.01.18"]
[Round "9.14"]
[White "Borger, David Lupovici"]
[Black "Mariani, Daniel Brandao"]
[Result "1/2-1/2"]
[WhiteElo "1899"]
[BlackElo "2040"]
[PlyCount "120"]
[EventDate "2024.01.12"]
[EventRounds "9"]
[EventCountry "BRA"]

1. e4 c5 2. c3 Nf6 3. e5 Nd5 4. d4 cxd4 5. Qxd4 e6 6. Nf3 Nc6 7. Qg4 d6 8. exd6
({RR} 8. Bb5 dxe5 9. Nxe5 Bd7 10. Nxd7 Qxd7 11. O-O a6 12. Be2 Nf6 13. Qg3 Qd6
14. Bf4 e5 15. Be3 Kd8 16. Rd1 {1-0 (16) Tarasenka,A (2124)-Johnson,B (2110)
chess.com INT 2021}) 8... Qxd6 9. Bc4 $146 ({RR} 9. Qg3 h6 10. Qxd6 Bxd6 11.
Nbd2 b6 12. Bb5 Bd7 13. Ne4 Be7 14. O-O O-O-O 15. Bc4 Nc7 16. Re1 f6 17. Ng3 g5
18. Be3 Na5 19. Bf1 {1/2-1/2 (19) Mirzoev,A (2559)-Hernandez Carmenates,H 
(2573) Pamplona 2009}) ({RR} 9. Nbd2 e5 10. Qg3 Qg6 11. Nc4 f6 12. Nh4 Qe4+ 13.
Be2 g5 14. Qf3 Qxf3 15. Bxf3 Nxc3 16. Bh5+ Kd8 17. bxc3 gxh4 18. f4 Be6 19. Be2
Rg8 20. Kf2 Bc5+ 21. Be3 Bxc4 22. Bxc4 Bxe3+ 23. Kxe3 Rg7 {Petschar,K (2325)
-Stanec,N (2440) Austria 1994 0-1 (40)}) ({RR} 9. Na3 e5 10. Qh4 Be7 11. Nc4
Qg6 12. Qg3 f6 13. Ne3 Be6 14. Nh4 Qf7 15. Nxd5 Bxd5 16. Nf5 Bf8 17. Bb5 O-O-O
18. O-O Be6 19. Qf3 Ne7 20. Nxe7+ Bxe7 21. Be3 Kb8 22. a4 f5 23. b4 Rc8 {
Salcedo,R (2324)-Dao,T (2530) Manila 2007 1/2-1/2 (67)}) 9... Bd7 10. O-O O-O-O
11. Na3 Ne5 12. Qg3 Nxc4 13. Nxc4 Qxg3 14. hxg3 f6 15. a4 e5 16. Ne3 Be6 17.
Nxd5 Bxd5 18. Be3 Kb8 19. Rfd1 Be7 20. Nd2 b6 21. b4 Be6 22. a5 Kb7 23. axb6
axb6 24. Ra3 Ra8 25. Rxa8 Rxa8 26. b5 Rd8 27. Ra1 Rc8 28. Ra6 Bd8 29. Ne4 Ra8
30. Nc5+ bxc5 31. Rxe6 Ra1+ 32. Kh2 Rb1 33. Bxc5 Rxb5 34. Bf8 g5 35. Be7 Bxe7
36. Rxe7+ Kc6 37. Re6+ Kd5 38. Rxf6 g4 39. f3 Rc5 40. Rf5 gxf3 41. gxf3 Rxc3
42. f4 Re3 43. Rh5 Ke6 44. fxe5 Rxe5 45. Rxh7 Kf6 46. Kh3 Kg6 47. Rh8 Kg7 48.
Ra8 Rb5 49. Kh4 Rc5 50. g4 Rb5 51. g5 Rb1 52. Ra7+ Kg6 53. Ra6+ Kg7 54. Rf6
Rh1+ 55. Kg4 Rg1+ 56. Kf5 Rf1+ 57. Ke6 Re1+ 58. Kd7 Re5 59. Re6 Rxe6 60. Kxe6
Kg6 1/2-1/2

[Event "II Criciúma Chess Open - A1700 - 12-18"]
[Site "Criciúma SC"]
[Date "2024.01.18"]
[Round "9.15"]
[White "Schena, Arthur"]
[Black "Dias, Clara"]
[Result "1-0"]
[WhiteElo "1878"]
[BlackElo "1717"]
[PlyCount "51"]
[EventDate "2024.01.12"]
[EventRounds "9"]
[EventCountry "BRA"]

1. Nf3 c5 2. g3 d5 3. Bg2 Nc6 4. O-O e5 5. d3 Nf6 6. e4 d4 7. a4 Be7 ({RR} 7...
Bd6 8. Na3 Be6 9. Ng5 Bg4 10. f3 Bh5 11. h4 h6 12. Nh3 Nd7 13. Nf2 g5 14. hxg5
hxg5 15. Bh3 Qe7 16. Kg2 O-O-O 17. Bd2 Kb8 18. Qe2 Nf8 19. Rh1 Ne6 20. Bg4 Bg6
21. Bf5 Rdg8 22. Rxh8 {Grischuk,A (2775)-Caruana,F (2819) Stavanger NOR 2019
1-0 (48)}) 8. h3 ({RR} 8. Na3 Be6 9. Ng5 Bg4 10. f3 Bd7 11. f4 O-O 12. Nf3 exf4
13. gxf4 Ne8 14. Nc4 f6 15. Bd2 Nd6 16. b3 Qc8 17. Qe1 Rb8 18. Qg3 b5 19. axb5
Rxb5 20. Nxd6 Bxd6 21. e5 Bc7 22. Rae1 Ba5 {Markovic,M (2302)-Zvereva,M (2011)
Novi Sad SRB 2021 1-0 (31)}) 8... O-O 9. Na3 Rb8 $146 ({RR} 9... Ne8 10. Nc4
Qc7 11. Nh2 Be6 12. b3 a6 13. f4 f6 14. f5 Bxc4 15. bxc4 Nd6 16. h4 b5 17. axb5
axb5 18. Rxa8 Rxa8 19. cxb5 Nb4 20. h5 Nxb5 21. h6 Bf8 22. Bd2 Ra2 23. Ng4 Rxc2
24. hxg7 {Stubenrauch,S-Huber,G (2250) Las Vegas 1995 0-1 (33)}) 10. Nc4 Qc7
11. Nfxe5 Nxe5 12. Nxe5 Be6 13. Nc4 Bxc4 14. dxc4 Rbd8 15. f4 Rfe8 16. e5 Nd7
17. Qf3 Rb8 18. Bd2 Qb6 19. b3 f6 20. Qd5+ Kh8 21. Qxd7 fxe5 22. Qf5 Bf6 23.
Rae1 exf4 24. Bxf4 Rbd8 25. Rxe8+ Rxe8 26. Bg5 1-0

[Event "II Criciúma Chess Open - A1700 - 12-18"]
[Site "Criciúma SC"]
[Date "2024.01.18"]
[Round "9.16"]
[White "Bitencourt, Evandro Jose Dos S"]
[Black "Lage, Pedro Ferreira"]
[Result "1/2-1/2"]
[WhiteElo "1863"]
[BlackElo "2100"]
[PlyCount "95"]
[EventDate "2024.01.12"]
[EventRounds "9"]
[EventCountry "BRA"]

1. d4 b6 2. Bf4 Bb7 3. e3 Nf6 4. Nf3 g6 5. Be2 Bg7 6. O-O O-O ({RR} 6... d6 7.
a4 a5 8. Nbd2 Nbd7 9. Re1 O-O 10. h3 e6 11. c3 Qe7 12. Qc2 e5 13. Bg5 h6 14.
Bh4 e4 15. Nh2 g5 16. Bg3 Nd5 17. Bc4 f5 18. Nhf1 Kh8 19. Bxd5 Bxd5 20. c4 Bb7
21. Bh2 {Sailer,M (2109)-Klaasen,C (2208) chess.com INT 2022 0-1 (39)}) 7. c4
d6 8. Nc3 Ne4 9. Qc2 $146 ({RR} 9. Nxe4 Bxe4 10. Ne1 e5 11. Bg3 exd4 12. exd4
Nc6 13. d5 Nd4 14. Bd3 Re8 15. Kh1 Nf5 16. Qc2 Bxd3 17. Nxd3 Nd4 18. Qd1 Qf6
19. Rb1 Qf5 20. f3 Ne2 21. Bf2 Re7 22. Nb4 Qf4 23. Qd3 Rae8 {Abildlund,J (2091)
-Jorgensen,B (2168) Ringsted 2002 1-0 (37)}) 9... Nxc3 10. Qxc3 c5 11. Rac1 Nd7
12. Rfd1 Rc8 13. Qd2 cxd4 14. exd4 Nf6 15. d5 b5 16. Qb4 Qd7 17. Be3 Rc7 18.
Qxb5 Qxb5 19. cxb5 Rfc8 20. Rxc7 Rxc7 21. a4 Nxd5 22. Bxa7 Nf4 23. Bf1 Bxf3 24.
b6 Bxd1 25. bxc7 Bg4 26. Ba6 Bxb2 27. c8=Q+ Bxc8 28. Bxc8 Bc3 29. Bb6 Nd5 30.
Bd8 Kf8 31. Bd7 Bd4 32. a5 Ba7 33. Kf1 e6 34. Bc6 Nb4 35. Bb5 Nd5 36. Ke1 Bb8
37. a6 Ba7 38. f3 Ne3 39. g3 Nc2+ 40. Kd2 Nd4 41. Bd7 Nxf3+ 42. Kc3 d5 43. Kb4
Ne5 44. Ba4 Nc4 45. Kb5 Ke8 46. Bf6 Kd7 47. Kb4+ Kd6 48. Bg7 1/2-1/2

[Event "II Criciúma Chess Open - A1700 - 12-18"]
[Site "Criciúma SC"]
[Date "2024.01.18"]
[Round "9.17"]
[White "Frankental, David"]
[Black "Goncalves, Nata"]
[Result "1/2-1/2"]
[WhiteElo "1939"]
[BlackElo "1998"]
[PlyCount "17"]
[EventDate "2024.01.12"]
[EventRounds "9"]
[EventCountry "BRA"]

1. d4 Nf6 2. Nf3 d5 3. g3 c5 4. c4 dxc4 5. Qa4+ Nc6 6. dxc5 e6 ({RR} 6... Qa5+
7. Qxa5 Nxa5 8. Bg2 e6 9. Be3 Ne4 10. Nbd2 Nxc5 11. Rc1 Bd7 12. Nxc4 Nxc4 13.
Rxc4 Na4 14. b3 Nb6 15. Rc2 Bb4+ 16. Bd2 Bxd2+ 17. Nxd2 Rc8 18. Rxc8+ Bxc8 19.
O-O Ke7 20. Rc1 Rd8 21. Ne4 {Senthil,M (2208)-Aukhatov,R (2281) chess.com INT
2022 1-0 (37)}) 7. Bg2 Bd7 8. Qxc4 Qa5+ 9. Bd2 $146 ({RR} 9. Nbd2 Rc8 10. O-O
Qxc5 11. Qxc5 Bxc5 12. Nc4 Nd5 13. Rd1 Ncb4 14. Na3 Ke7 15. Ne5 Be8 16. Bd2 f6
17. e4 Nb6 18. Rac1 a5 19. Rxc5 Rxc5 20. Be3 Na4 21. Bxc5+ Nxc5 22. Nec4 a4 23.
e5 Bg6 {Panelo Munoz,M (2220)-Adla,D (2470) Pamplona 1998 0-1 (36)}) 1/2-1/2

[Event "II Criciúma Chess Open - A1700 - 12-18"]
[Site "Criciúma SC"]
[Date "2024.01.18"]
[Round "9.18"]
[White "Pedroso, Denian"]
[Black "Silva, Juliana Figueira Th"]
[Result "0-1"]
[WhiteElo "1924"]
[BlackElo "1747"]
[PlyCount "92"]
[EventDate "2024.01.12"]
[EventRounds "9"]
[EventCountry "BRA"]

1. e4 c5 2. c3 d5 3. exd5 Qxd5 4. d4 Nf6 5. Nf3 e6 6. Bd3 Nc6 7. O-O cxd4 8.
cxd4 Be7 9. Nc3 Qd6 10. Nb5 Qd8 11. Bf4 Nd5 12. Bg3 a6 13. Nc3 O-O 14. Rc1 Nf6
({RR} 14... Nxc3 15. bxc3 Bf6 16. a4 Bd7 17. Qc2 g6 18. Bd6 Re8 19. Qb1 e5 20.
d5 Na7 21. Rfe1 Bxa4 22. Bxe5 Bxe5 23. Nxe5 Qc7 24. d6 Qxd6 25. Qxb7 Qe7 26.
Bxa6 {1-0 (26) Brodsky,M (2545)-Vehi Bach,V (2455) Groningen 1994}) 15. Bb1
$146 ({RR} 15. a3 b6 16. Bb1 Bb7 17. Qd3 Rc8 18. Rfe1 Na5 19. Ne5 b5 20. Rcd1
Nc4 21. Nxc4 bxc4 22. Qc2 g6 23. Ba2 Nh5 24. Be5 f6 25. Bg3 Nxg3 26. hxg3 Bd5
27. Nxd5 exd5 28. Re6 Bd6 29. Qa4 Qb6 {Guido,F (2379)-Bresciani,N (2278)
Bratto 2001 1/2-1/2 (41)}) ({RR} 15. h3 Kh8 16. Bb1 Bd6 17. Ne5 Qc7 18. Ne4
Nxe4 19. Bxe4 Bd7 20. Qh5 f5 21. Ng6+ Kg8 22. Nxf8 Bxg3 23. Nxd7 Bf4 24. Bxc6
bxc6 25. Ne5 {1-0 (25) Gerdau,A (1866)-Kamphausen,J (1790) Germany 2012}) ({RR
} 15. a3 b6 16. Bb1 Bb7 17. Qd3 Rc8 18. Rfe1 Qd7 19. d5 exd5 20. Bh4 g6 21.
Rxe7 Qxe7 22. Nxd5 Nxd5 23. Bxe7 Ncxe7 24. Rxc8 Rxc8 25. Qd2 Nf6 26. Ne5 Ned5
27. h3 Re8 28. Qd4 Nh5 29. Kh2 Nhf4 {Guido,F (2323)-Accattato Martin,M (2089)
Genova 2006 1-0 (34)}) 15... Nb4 16. Ne5 Nbd5 17. Qd3 g6 18. Rfe1 Nh5 19. f3
Nxg3 20. hxg3 Bg5 21. f4 Bh6 22. Kf2 Bg7 23. Rh1 Nf6 24. g4 Nd7 25. Qh3 h6 26.
Qd3 Nxe5 27. dxe5 Qb6+ 28. Qe3 Qxb2+ 29. Rc2 Qb4 30. Ne4 f6 31. exf6 Bxf6 32.
Nxf6+ Rxf6 33. g3 g5 34. Qd3 Qe7 35. Rhc1 Bd7 36. Rc7 Rd8 37. Rd1 Rf7 38. Qg6+
Rg7 39. Qxh6 Qb4 40. Rcc1 Qb2+ 41. Ke1 Qb4+ 42. Kf2 Qb6+ 43. Kg2 Bc6+ 44. Kh3
Bd5 45. Qf6 Qd6 46. f5 Rh7+ 0-1

[Event "II Criciúma Chess Open - A1700 - 12-18"]
[Site "Criciúma SC"]
[Date "2024.01.18"]
[Round "9.19"]
[White "De Oliveira, Jairo Quintiliano"]
[Black "Jenidarchiche, Douglas Rodrigo"]
[Result "0-1"]
[WhiteElo "1840"]
[BlackElo "1845"]
[PlyCount "74"]
[EventDate "2024.01.12"]
[EventRounds "9"]
[EventCountry "BRA"]

1. e4 e5 2. Nf3 Nc6 3. Bb5 a6 4. Bxc6 dxc6 5. O-O f6 6. d4 exd4 7. Qxd4 Qxd4 8.
Nxd4 c5 9. Nb3 Be6 10. Be3 b6 11. Nc3 Bd6 12. Rfd1 O-O-O 13. a4 Bxb3 $146 ({RR
} 13... Ne7 14. a5 Kb7 15. axb6 cxb6 16. Rd2 Bxb3 17. cxb3 Nc6 18. Rad1 Be5 19.
Rd7+ Kc8 20. Rxd8+ Rxd8 21. Rxd8+ Kxd8 22. f4 Bxc3 23. bxc3 Na5 24. b4 Nc4 25.
Kf2 Kd7 26. bxc5 b5 27. g4 a5 28. Bc1 {Kasioura,F (2005)-Kofidis,A (2238)
Piraeus 1999 0-1 (33)}) ({RR} 13... Ne7 14. a5 Kb7 15. f4 Nc6 16. axb6 cxb6 17.
Nd5 Rhe8 {1/2-1/2 (17) Sevian,S (2373)-Matikozian,A (2429) Los Angeles 2013})
14. cxb3 Ne7 15. a5 Kb7 16. f4 Rhe8 17. axb6 cxb6 18. Kf2 Nc6 19. Rd2 Na5 20.
Rad1 Bc7 21. Rxd8 Rxd8 22. Rxd8 Bxd8 23. e5 Nxb3 24. Kf3 fxe5 25. fxe5 Kc6 26.
Ke4 b5 27. Nd5 a5 28. Nf4 Bg5 29. Nh5 Bxe3 30. Kxe3 g6 31. Nf6 h6 32. Kf4 Nd4
33. Ng8 a4 34. Ne7+ Kd7 35. Nxg6 b4 36. Ke4 a3 37. bxa3 bxa3 0-1